000 01256cam a22002294a 4500
001 13503195
003 NUST
005 20221116113045.0
008 040226s2005 flua b 001 0 eng
010 _a 2004045491
020 _a0849315263 (alk. paper)
082 0 0 _a621.367,DIG
245 0 0 _aDigital image sequence processing, compression, and analysis /
_cedited by Todd R. Reed.
260 _aBoca Raton :
_bCRC Press,
_cc2005.
300 _a272 p. :
_bill. ;
_c25 cm.
505 _aIntroduction (Page-1), Content-based image sequence representation (Page-5), The computation of motion (Page-73), Motion analysis and displacement estimation in the frequency domain (Page-109), Quality of service assessment in new generation wireless video communications (Page-135), Error concealment in digital video (Page-151), Image sequence restoration: A wider perspective (Page-177), Video summarization (Page-215), High resolution images from a sequence of low resolution observations (Page-233),
650 0 _aImage processing
_xDigital techniques.
_9673
650 0 _aDigital video.
_955774
700 1 _aReed, Todd Randall.
_996546
856 4 2 _3Publisher description
_uhttp://www.loc.gov/catdir/enhancements/fy0646/2004045491-d.html
942 _2ddc
_cBK
999 _c592320
_d592320